|
|
|
|
| LEADER |
00000nam a2200000 a 4500 |
| 001 |
vtls008691890 |
| 003 |
SK-MaSNL |
| 005 |
20260301205503.0 |
| 008 |
251029s2004 sz g h 001 0bger |
| 020 |
|
|
|a 3039100424
|q (brož.)
|
| 040 |
|
|
|a SNK
|b slo
|c SNK
|e AACR2
|
| 041 |
0 |
|
|a ger
|b fre
|b eng
|
| 043 |
|
|
|a e-gx---
|
| 044 |
|
|
|a sz
|c CH
|
| 072 |
|
7 |
|a 78.07
|x Hudobníci, skladatelia a iné hudobné povolania
|2 konspekt
|
| 080 |
|
|
|a 78.071.1
|2 2001
|
| 080 |
|
|
|a 78-027.22
|2 2001
|
| 080 |
|
|
|a (430)
|2 2001
|
| 080 |
|
|
|a (048.8)
|2 2001
|
| 100 |
1 |
|
|a Rothmund, Elisabeth
|4 aut
|9 475039
|
| 245 |
1 |
0 |
|a Heinrich Schütz (1585-1672). Kulturpatriotismus und deutsche weltliche Vokalmusik
|b "zum Auffnehmen der Music / auch Vermehrung unserer Nation Ruhm"
|c Elisabeth Rothmund
|
| 260 |
|
|
|a Berne
|b Peter Lang
|c c2004
|
| 300 |
|
|
|a xvii, 449 s.
|c 21 cm
|
| 490 |
1 |
|
|a Contacts. Serie III., Etudes et documents
|x 0933-6095
|v vol. 63
|
| 504 |
|
|
|a Obsahuje bibliogr.
|
| 546 |
|
|
|a Res. franc. a angl.
|
| 600 |
1 |
7 |
|a Schütz, Heinrich,
|d 1585-1672
|2 SNKMA
|9 249792
|
| 650 |
0 |
7 |
|a hudobní skladatelia
|2 SNKPH
|9 3188
|
| 651 |
|
7 |
|a Nemecko
|2 SNKPH
|9 21020
|
| 655 |
|
7 |
|a štúdie
|2 SNKPH
|9 57033
|
| 830 |
|
0 |
|a Contacts. Serie III., Etudes et documents
|9 591668
|
| 919 |
|
|
|a 3-03910-042-4
|
| 999 |
|
|
|c 910282
|d 912212
|
| 952 |
|
|
|a SNK
|b SNK
|y VYP
|7 0
|p 17A0506863
|o snkIC 133255
|i snk2006/9366
|8 2
|g 89.26
|0 0
|1 0
|4 0
|d 2006-04-19
|l 0
|r 2026-02-24 07:41:24
|w 2026-02-24
|